| 000 | 00422nam a2200181Ia 4500 | ||
|---|---|---|---|
| 008 | 210210b1926 xxu||||| |||| 00| 0 eng d | ||
| 041 | _aeng | ||
| 082 | _a825/917 | ||
| 100 | _aWILLIAMS (O) | ||
| 245 | _aSome great English novels | ||
| 260 |
_aLondon _bMacmillan & Co. Ltd. _c1926 |
||
| 650 | _aSome | ||
| 650 | _anovels | ||
| 650 | _agreat | ||
| 650 | _aEnglish | ||
| 690 | _aEnglish Criticism | ||
| 906 | _a015233 | ||
| 999 |
_c134550 _d134550 |
||